000 00317nam a22001337a 4500
020 _a978812033017
082 _222
_a302.2
100 _aSen, Leena.
245 _aCommunication skills /
250 _a2 nd
260 _aNew Delhi,
_bPrentice Hal,
_cc2007.
300 _axiii,276 p. ;
_bill. ;
_c24 cm.
942 _2ddc
_cGEN
999 _c1705
_d1705